Follow the Directions - Feb 14th Quiz Stats

 Plays Quiz Updated Dec 6, 2017

Score 0/12 Timer 06:00
6 Plays Today
Instruction Resulting String % Correct
????
100%
????
72.3%
????
56.9%
????
54.8%
????
46.4%
????
39.4%
????
30.5%
????
29.7%
????
28.5%
????
27.5%
????
25%
????
24.7%

You're not logged in!

Compare scores with friends on all Sporcle quizzes.
OR
Log In

You Might Also Like...

Show Comments

Extras

Top Quizzes Today


Score Distribution

Your Account Isn't Verified!

In order to create a playlist on Sporcle, you need to verify the email address you used during registration. Go to your Sporcle Settings to finish the process.

Report this User

Report this user for behavior that violates our Community Guidelines.

Details: